| 000 | 00663nam a2200181Ia 4500 | ||
|---|---|---|---|
| 008 | 090123s9999 xx 000 0 und d | ||
| 082 | _b26241 | ||
| 100 | _aशोभणे रविंद्र | ||
| 245 | _a"कादंबरीकार,श्री.ना.पेंडसे" | ||
| 250 | _a1 | ||
| 260 | _bऋचा प्रकाशन | ||
| 300 | _a297 | ||
| 600 | _aशोभणे रविंद्र | ||
| 630 | _a"कादंबरीकार,श्री.ना.पेंडसे" | ||
| 700 | _aशोभणे रविंद्र | ||
| 730 | _a"कादंबरीकार,श्री.ना.पेंडसे" | ||
| 942 | _cBOOK | ||
| 999 |
_c64311 _d64311 |
||